| 000 | 00509nam a2200193Ia 4500 | ||
|---|---|---|---|
| 003 | GCL | ||
| 008 | 140319s9999 xx 000 0 eng d | ||
| 040 |
_aGCL / _cGCL |
||
| 082 | 0 | 4 |
_a355.456 _bA R |
| 100 | 1 | _aRAHMAN, H | |
| 245 | 1 | 0 |
_aA BRITISH DEFENCE PROBLEM IN THE MIDDLE EAST / _cRAHMAN, H |
| 260 |
_a[S.N] : _bITHACA PRESS ، _c1994 |
||
| 300 | _a223 P | ||
| 650 | 0 | 4 | _aMILITARY PLANNING |
| 650 | 0 | 4 | _aDEFENSIVE |
| 650 | 0 | 4 | _aMIDDLE EAST - MILITARY |
| 650 | 0 | 4 | _aMILITARY SCIENCE |
| 942 |
_2ddc _cBK |
||
| 999 |
_c14420 _d14420 |
||